Regions of Burkina Faso with a Map - Statistics

General Stats
  • This quiz has been taken 1,003 times
  • The average score is 9 of 13
Answers on the Map
Answers color-coded by a green-red scale on the quiz's map according to % correct below.
 
Answer Stats
Region % Correct
Nord
91%
Est
86%
Centre
82%
Centre-Nord
70%
Centre-Ouest
70%
Centre-Sud
70%
Sud-Ouest
69%
Centre-Est
68%
Sahel
64%
Cascades
54%
Boucle du Mouhoun
49%
Hauts-Bassins
45%
Plateau-Central
41%
No matching quizzes found
Score Distribution
Percent of People with Each Score
Percentile by Number Answered
Your Score History
You have not taken this quiz